00453nam a2200181Ia 4500008004100000020001800041245002300059245001500082260001500097260003300112260000900145300001600154300002500170300001000195440003900205500000800244999001900252170705s9999 xx 000 0 und d a9781416500247 aCharlotte Bronte / cJane Eyre. aNew York : bSimon & Schuster Paperbacks, c2005 a602 pages : bcolor illustration ; c17cm. aSimon & Schuster enriched classic. a840 c336449d336449